| 000 | 00479nam a22001337a 4500 | ||
|---|---|---|---|
| 999 |
_c518288 _d518288 |
||
| 082 | _aR11x54 Im7 | ||
| 245 |
_aImpact assessment study of the Labour reforms undertaken by the states: interim report _cby Indian Institute of Public Administration |
||
| 260 |
_aNew Delhi _bI.I.P.A. _c2021 |
||
| 300 | _a62p. | ||
| 650 |
_aEconomic reforms - India _927309 |
||
| 650 |
_aLabour policy - India _927310 |
||
| 650 |
_aLabour supply - India _927311 |
||
| 650 |
_aLabour market - India _927312 |
||